000 nam a22 7a 4500
999 _c52599
_d52599
003 OSt
005 20220625121600.0
008 220625b xxu||||| |||| 00| 0 eng d
040 _cIIMT UNIVESITY
100 _aAGRAWAL, RAJ
245 _aBUSINESS ENVIRONMENT
260 _aDELHI
_bEXCEL BOOK
_c2010
300 _a800
942 _2ddc
_c02